Implementácia informačných systémov v podnikoch
Pre firmy je nevyhnutné, aby si udržali čo najvyššiu konkurencieschopnosť. Implementáciou vhodných informačných systémov, alebo softvérových riešení ju môžu udržiavať, resp. zvýšiť. Identifikácia a definícia informačných systémov, ich kategórie a výhody implementácie konkrétneho riešenia.
Saved in:
| Main Author: | |
|---|---|
| Format: | Book Chapter |
| Language: | Slovak |
| Subjects: | |
| Tags: |
No Tags, Be the first to tag this record!
|
MARC
| LEADER | 00000naa$a2200000$$$4500 | ||
|---|---|---|---|
| 001 | 0289695 | ||
| 005 | 20240502074436.1 | ||
| 041 | 0 | |a slo | |
| 044 | |a SK | ||
| 245 | 1 | 0 | |a Implementácia informačných systémov v podnikoch |c Peter Zahradník |
| 520 | |a Pre firmy je nevyhnutné, aby si udržali čo najvyššiu konkurencieschopnosť. Implementáciou vhodných informačných systémov, alebo softvérových riešení ju môžu udržiavať, resp. zvýšiť. Identifikácia a definícia informačných systémov, ich kategórie a výhody implementácie konkrétneho riešenia. | ||
| 610 | 2 | 0 | |a systémy informačné |
| 610 | 2 | 0 | |a podnikanie |
| 610 | 2 | 0 | |a podnik veľký |
| 610 | 2 | 0 | |a konkurencieschopnosť |
| 610 | 2 | 0 | |a výhody konkurenčné |
| 610 | 2 | 0 | |a výhody komparatívne |
| 610 | 2 | 0 | |a softvér |
| 100 | 1 | |a Zahradník, Peter, 1995- | |